Super Sentai Series - Statistics

General Stats
  • This quiz has been taken 1,676 times
    670 since last reset
  • The average score is 37 of 49
Answer Stats
Years Answer % Correct
1975-1977 Himitsu Sentai Gorenger
89%
1992-1993 Kyōryū Sentai Zyuranger
88%
2011-2012 Kaizoku Sentai Gokaiger
86%
2005-2006 Mahou Sentai Magiranger
85%
1993-1994 Gosei Sentai Dairanger
84%
2000-2001 Mirai Sentai Timeranger
83%
2010-2011 Tensou Sentai Goseiger
83%
2003-2004 Bakuryū Sentai Abaranger
82%
2001-2002 Hyakujuu Sentai Gaoranger
82%
1977 J.A.K.Q. Dengekitai
82%
1999-2000 Kyūkyū Sentai GoGoFive
82%
2009-2010 Samurai Sentai Shinkenger
82%
1995-1996 Chouriki Sentai Ohranger
81%
1996-1997 Gekisou Sentai Carranger
81%
2004-2005 Tokusou Sentai Dekaranger
81%
1991-1992 Chōjin Sentai Jetman
80%
1984-1985 Choudenshi Bioman
80%
1997-1998 Denji Sentai Megaranger
80%
2008-2009 Engine Sentai Go-onger
80%
1994-1995 Ninja Sentai Kakuranger
80%
1979-1980 Battle Fever J
79%
2006-2007 GoGo Sentai Boukenger
79%
2007-2008 Juken Sentai Gekiranger
78%
1998-1999 Seijuu Sentai Gingaman
77%
1988-1989 Choujuu Sentai Liveman
76%
1980-1981 Denshi Sentai Denziman
76%
1989-1990 Kousoku Sentai Turboranger
76%
1981-1982 Taiyo Sentai Sun Vulcan
76%
2023-2024 Ohsama Sentai King-Ohger
74%
2012-2013 Tokumei Sentai Go-Busters
74%
1990-1991 Chikyu Sentai Fiveman
73%
2024-2025 Bakuage Sentai Boonboomger
72%
1987-1988 Hikari Sentai Maskman
72%
2022-2023 Avataro Sentai DonBrothers
71%
1983-1984 Kagaku Sentai Dynaman
71%
2002-2003 Ninpuu Sentai Hurricaneger
71%
2015-2016 Shuriken Sentai Ninninger
71%
1985-1986 Dengeki Sentai Changeman
70%
1986-1987 Choushinsei Flashman
69%
2018-2019 Kaitou Sentai Lupinranger VS Keisatsu Sentai Patranger
69%
2017-2018 Uchu Sentai Kyuranger
69%
2021-2022 Kikai Sentai Zenkaiger
68%
2025-2026 No.1 Sentai Gozyuger
68%
2014-2015 Ressha Sentai ToQger
68%
1982-1983 Dai Sentai Goggle-V
67%
2020-2021 Mashin Sentai Kiramager
66%
2013-2014 Zyuden Sentai Kyoryuger
66%
2019-2020 Kishiryu Sentai Ryusoulger
64%
2016-2017 Doubutsu Sentai Zyuohger
62%
No matching quizzes found
Score Distribution
Percent of People with Each Score
Percentile by Number Answered
Your Score History
You have not taken this quiz since the last reset